000 00582nam a2200193Ia 4500
999 _c127933
_d127933
001 42161
005 20220823094806.0
008 140425s9999 xx 000 0 und d
020 _a969408069x
040 _cPK-LaUMT
082 _aAPC 297.4
_bABU-K
100 _aAbu Nasr Saraj = ابو نصر سراج
245 _aKitab ul lama fittusawwaf = کتاب اللمع فی التصوف /
_cby Abu Nasr Saraj = ابو نصر سراج
260 _aIslamabad,Pakistan :
_bIslamic Book Foundation,
_c1984
300 _a720 p.
546 _aAR
650 _aTasawwaf
942 _cBK